Janka Kupala ů tvorčasci mastakoů

Bibliographic Details
Main Author: Karačun, Ju.A (Author, tex)
Format: Book
Language:Belarusian
PhysicalDescription:[104] s. 4°
Published: Minsk Belarus 1982

MARC

LEADER 00000nam a2200000 a 4500
001 vtls001362165
003 SK-MaSNL
005 20260302000334.0
008 210928s1982 BY 0 bel
035 |a SNK000315756 
040 |a SNK  |b slo  |c SNK  |e AACR2 
041 0 |a bel 
044 |a BY 
245 1 |a Janka Kupala ů tvorčasci mastakoů  |c autor tekstu i skl. Ju. A. Karačun 
260 |a Minsk  |b Belarus  |c 1982 
300 |a [104] s.  |c 4° 
500 |a Súbež. názov a text rus., angl., franc., nem., špan. 
700 1 |a Karačun, Ju.A.  |4 aut  |4 tex  |9 634763 
958 |a RK 
958 |a OND 
999 |c 979113  |d 981043 
952 |t P60, <04>, [BOOK], {604}  |a SNK  |b SNK  |y VYP  |7 0  |o snkIB 63954  |i snkV 998/90  |0 0  |1 0  |4 0  |d 1999-05-03  |l 0  |r 2005-01-02 00:00:00  |w 2026-02-24